000
00240nam a2200109Ia 4500
999
_c
7770
_d
7770
020
_a
9780130959973
100
_a
Floyd
245
0
_a
Principles Of Electric Circuits
260
_a
New York
_b
Prentice Hall
_c
2002
300
_a
927
942
_c
BK